Acteurs français - Mort subite - Statistiques

Statistiques générales
  • Ce quiz a été pris 1 095 fois
    1 023 depuis la dernière actualisation
  • Le résultat moyen est 8 sur 20
Answers on the Grid
Answers color-coded by a green-red scale on the quiz's grid according to % correct below.
Omar Sy
Jean Gabin
Patrick Dewaere
Michel Piccoli
Michel Blanc
Gérard Jugnot
Claude Rich
Roschdy Zem
Jamel Debbouze
Édouard Baer
Gérard Darmon
José Garcia
Fabrice Luchini
Pierre Niney
Michel Galabru
Robert Hossein
Fernandel
Vincent Elbaz
Alban Ivanov
Dany Boon
Lino Ventura
Benoît Poelvoorde
Henry Fonda
Idris Elba
Jean-Claude Van Damme
François Damiens
Jérémie Renier
 
Statistiques - réponses
Réponse % Correct
Omar Sy
66%
Pierre Niney
63%
Dany Boon
60%
Gérard Jugnot
59%
Michel Blanc
58%
Gérard Darmon
54%
Jamel Debbouze
54%
José Garcia
51%
Jean Gabin
47%
Alban Ivanov
43%
Michel Galabru
43%
Fabrice Luchini
41%
Édouard Baer
39%
Fernandel
34%
Vincent Elbaz
25%
Roschdy Zem
21%
Michel Piccoli
20%
Patrick Dewaere
20%
Claude Rich
19%
Robert Hossein
13%
Aucun quiz correspondant
Distribution des résultats
% des personnes avec chaque résultat
Percentile par nombre de réponses
Votre historique - résultats
Vous n’avez pas pris ce quiz depuis la dernière actualisation